000 00491nam a2200193Ia 4500
005 20250522104122.0
008 008 250516s9999 xx 000 0 hin d
020 _a9789392998508
040 _aSDCL
_beng
_cSDCL
041 _ahin
_2hin
084 _aO152,1N57x, R4
_qSDCL
100 _aNishant
_9549735
245 0 _a75 Kavitayein :
_bAshtabhuj Shukla
260 _aDelhi:
_bAnanya Prakashan,
_c2024.
300 _a150p.
365 _aINR
_b325
650 _aHindi
942 _cTEXL
999 _c1429198
_d1429198